=LDR 00000nam 2200000 4500 =001 INLIS000000000014122 =005 20130612105421 =008 ***********************************Ind** =035 ##$$0010-061300000014122 =041 ##$$a Ind =082 ##$$a 573.6 =090 ##$$a 573.6, Pan d =100 ##$$a Panero, Julius =245 ##$$a Dimensi manusia dan ruang interior, Buku panduan untuk standar pedoman perancangan, Julius Panero dan Martin Zelnik =260 ##$$a 2003 $b Jakarta =300 ##$$a xv, 324 hlm, Ilus, 24 cm =650 ##$$a Arsitektur =700 ##$$a Zelnik, Martin =850 ##$$a NBPNMAT =990 ##$$a 76967696 =990 ##$$a 01201807696